Fundamentals of Digital Logic with Verilog Design /
Fundamentals of Digital Logic with Verilog Design is intended for an introductory course in digital logic design, which is a basic course in most Electrical and Computer Engineering programs. The authors provide a desirable balance between classical and modern design approaches. Basic concepts are i...
Spremljeno u:
| Glavni autor: | |
|---|---|
| Daljnji autori: | |
| Format: | Knjiga |
| Jezik: | Vietnamese |
| Izdano: |
American :
McGraw-Hill ,
2003
|
| Izdanje: | In lần thứ 1 |
| Teme: | |
| Oznake: |
Dodaj oznaku
Bez oznaka, Budi prvi tko označuje ovaj zapis!
|
| Thư viện lưu trữ: | Thư viện Trường CĐ Kỹ Thuật Cao Thắng |
|---|
| LEADER | 01512nam a2200241 a 4500 | ||
|---|---|---|---|
| 001 | TVCDKTCT6535 | ||
| 003 | Thư viện trường Cao đẳng Kỹ thuật Cao Thắng | ||
| 005 | 20070405000000 | ||
| 008 | 070405 | ||
| 980 | \ | \ | |a Thư viện Trường CĐ Kỹ Thuật Cao Thắng |
| 024 | |a RG_1 #1 eb0 i1 | ||
| 020 | # | # | |a 0-07-282315-1 |
| 041 | 0 | # | |a vie |
| 082 | # | # | |a 621.39'2 / |b F512D-s |
| 100 | 1 | # | |a Brown Stephen D |
| 245 | 0 | 0 | |a Fundamentals of Digital Logic with Verilog Design / |c Brown Stephen D, Vranesic Zvonko G |
| 250 | # | # | |a In lần thứ 1 |
| 260 | # | # | |a American : |b McGraw-Hill , |c 2003 |
| 300 | # | # | |a 844tr. ; |c 24cm |
| 520 | # | # | |a Fundamentals of Digital Logic with Verilog Design is intended for an introductory course in digital logic design, which is a basic course in most Electrical and Computer Engineering programs. The authors provide a desirable balance between classical and modern design approaches. Basic concepts are introduced using simple logic circuits, which are designed by using both manual techniques and modern CAD-tool-based methods. Having established the fundamental concepts, more complex, realistic circuits are then designed with the CAD tools. The Verilog language is an integral part of design techniques used throughout the book. Altera's advanced Max plus II CAD systmem (on CD-ROM) and a series of step-by-step tutorials are included |
| 650 | # | 4 | |a Logic số--Nguyên tắc cơ bản |
| 650 | # | 4 | |a Thiết kế Verilog |
| 700 | 0 | # | |a Vranesic Zvonko G |


